Southville International School and Colleges
Your cart is empty.
  • Cart
  • Lists
    Public lists Eva Luna New books Lux_list list_1
    Your lists Log in to create your own lists
  • Log in to your account
  • Your cookies
  • Search history
Southville International School and Colleges
  • Advanced search
  • Recent comments
  • Most popular
  • Libraries

Log in to your account

Log in with GOOGLE


If you do not have an external account, but do have a local account, you can still log in:

  1. Home
  2. MARC view: Some kids get wet... Fountain of weird /
Normal view MARC view ISBD view

Some kids get wet... Fountain of weird / (Record no. 8308)

[ view plain ]
MARC details
000 -LEADER
fixed length control field 00923cam a22003013a 4500
001 - CONTROL NUMBER
control field 16392126
003 - CONTROL NUMBER IDENTIFIER
control field OSt
005 - DATE AND TIME OF LATEST TRANSACTION
control field 20140310182019.0
008 - FIXED-LENGTH DATA ELEMENTS--GENERAL INFORMATION
fixed length control field 980423s1998 xxu 000 1 eng
010 ## - LIBRARY OF CONGRESS CONTROL NUMBER
LC control number 98813119
020 ## - INTERNATIONAL STANDARD BOOK NUMBER
International Standard Book Number 0380797828
035 ## - SYSTEM CONTROL NUMBER
System control number (DLC) 98813119
040 ## - CATALOGING SOURCE
Original cataloging agency DLC
Transcribing agency DLC
Modifying agency DLC
050 00 - LIBRARY OF CONGRESS CALL NUMBER
Classification number PZ 7
Item number .Sh528 1998
082 ## - DEWEY DECIMAL CLASSIFICATION NUMBER
Classification number KF
Item number Sh1ei 1998
100 1# - MAIN ENTRY--PERSONAL NAME
Personal name Shahan, Sherry.
9 (RLIN) 6912
245 10 - TITLE STATEMENT
Title Some kids get wet... Fountain of weird /
Statement of responsibility, etc Sherry Shahan.
260 ## - PUBLICATION, DISTRIBUTION, ETC. (IMPRINT)
Place of publication, distribution, etc New York :
Name of publisher, distributor, etc Avon Books,
Date of publication, distribution, etc 1998.
300 ## - PHYSICAL DESCRIPTION
Extent 119 p. ;
Dimensions 20 cm.
490 0# - SERIES STATEMENT
Series statement Eerie Indiana :
Volume number/sequential designation no. 6
541 ## - IMMEDIATE SOURCE OF ACQUISITION NOTE
-- 1
562 ## - COPY AND VERSION IDENTIFICATION NOTE
Number of copies for circulation. 1 copy available in the collection
650 ## - SUBJECT ADDED ENTRY--TOPICAL TERM
Topical term or geographic name as entry element Fiction
9 (RLIN) 746
655 #7 - INDEX TERM--GENRE/FORM
Genre/form data or focus term Young adult fiction.
Source of term lcsh
9 (RLIN) 3735
710 2# - ADDED ENTRY--CORPORATE NAME
Corporate name or jurisdiction name as entry element Copyright Paperback Collection (Library of Congress)
Institution to which field applies DLC
9 (RLIN) 705
906 ## - LOCAL DATA ELEMENT F, LDF (RLIN)
a 7
b cbc
c orignew
d 2
e ncip
f 19
g y-genrareb
942 ## - ADDED ENTRY ELEMENTS (KOHA)
Source of classification or shelving scheme Library of Congress Classification
Koha item type
Call number prefix
Holdings
Withdrawn status Lost status Source of classification or shelving scheme Damaged status Home library Current library Shelving location Date acquired Total Checkouts Full call number Barcode Date last seen Copy number Price effective from Koha item type
    Library of Congress Classification   Luxembourg Library Luxembourg Library Kids Fiction Section 07/31/2013   PZ 7 .Sh528 1998 9670 08/13/2013 1 07/31/2013 Books

Some kids get wet... Fountain of weird /

APA

Shahan S., Copyright Paperback Collection (Library of Congress), . (1998). Some kids get wet... Fountain of weird. New York: Avon Books.

Chicago

Shahan Sherry, Copyright Paperback Collection (Library of Congress), . 1998. Some kids get wet... Fountain of weird. New York: Avon Books.

Harvard

Shahan S., Copyright Paperback Collection (Library of Congress), . (1998). Some kids get wet... Fountain of weird. New York: Avon Books.

MLA

Shahan Sherry, Copyright Paperback Collection (Library of Congress), . Some kids get wet... Fountain of weird. New York: Avon Books. 1998.

  • Place hold
  • Print
  • Cite
  • Add to your cart (remove)
  • Save record
    BIBTEX Dublin Core MARCXML MARC (non-Unicode/MARC-8) MARC (Unicode/UTF-8) MARC (Unicode/UTF-8, Standard) MODS (XML) RIS
  • More searches
    Search for this title in:
    Other Libraries (WorldCat) Other Databases (Google Scholar) Online Stores (Bookfinder.com) Open Library (openlibrary.org)

Exporting to Dublin Core...

SOUTHVILLE LIBRARY

Southville International School and Colleges Library

1281 Tropical Ave. Cor. Luxembourg St., BF Homes International, Las Pinas City

Tel. No. 8256374 / 252358 Loc. 117/146

Powered by Koha